Statistiques concernant Naruto Shippùden Ultimate Ninja Storm 3 Perso jouables

Cliquez ici pour prendre le quiz!

Statistiques générales

  • Ce quiz a été pris 159 fois
  • Le résultat moyen est 41 sur 62

Statistiques - réponses

Personnages % Correct
Sasuke
100%
Naruto
100%
Sakura
96%
Kakashi
90%
Gaara
90%
Hinata
89%
Tsunade
88%
Ino
88%
Tenten
87%
Itachi
87%
A
85%
Lee
85%
Shikamaru
85%
Orochimaru
84%
Minato
84%
Chôji
83%
Madara
82%
Temari
81%
Neji
81%
Tobi
81%
Kiba
80%
Gaï
80%
Deidara
78%
Pain
77%
Obito
77%
Killer Bee
76%
Jiraya
76%
Sasori
76%
Shino
76%
Kankurô
73%
Asuma
71%
Kisame
70%
Konan
70%
Hidan
68%
Kakuzu
67%
Kabuto
66%
Tobirama
66%
Hashirama
66%
Nagato
60%
Danzô
59%
Karin
58%
Saï
56%
Han
55%
Zabuza
54%
Hiruzen
54%
Jùgo
52%
Suigetsu
49%
49%
Yamato
46%
Chiyo
45%
Haku
44%
Meï
43%
Onoki
39%
Hanzô
37%
Utakata
37%
Darui
35%
Yagura
33%
Yugito
31%
Rôshi
30%
Kimimaro
29%
Mifune
24%
Homme Masqué
22%

Distribution des résultats

Percentile by Number Answered

% des personnes avec chaque résultat

Votre développement - résultats

Vous n’avez pas pris ce quiz